History as text : the writing of ancient history

Αποθηκεύτηκε σε:
Λεπτομέρειες βιβλιογραφικής εγγραφής
Άλλοι συγγραφείς: Cameron, Averil (Επιμελητής έκδοσης)
Μορφή: Βιβλίο
Γλώσσα:English
Δημοσίευση: London : Duckworth, 1989
Θέματα:
Ετικέτες: Προσθήκη ετικέτας
Δεν υπάρχουν, Καταχωρήστε ετικέτα πρώτοι!

MARC

LEADER 00000nam a2200000 i 4500
001 1/9922
008 970407s1989 eng d
020 |a 0-7156-2240-4 
035 |l 10017663 
040 |a GR-MY-UA  |b gre  |e aacr 
041 0 |a eng 
082 0 |a 938.1 
245 1 0 |a History as text :  |b the writing of ancient history /  |c Edited by Averil Cameron 
260 |a London :   |b Duckworth,   |c 1989 
300 |a 208 p.;  |c 24 cm 
504 |a Includes bibliographicql references and index 
650 0 0 |a History, Ancient  |x Historiography. 
700 1 |a Cameron, Averil.  |4 edt 
852 |a INST  |b LESVOS  |e 19970407  |h 938.1 HIS  |p 005100011555  |q 005100011555  |t BK  |y 0 
909 |a Λ  |b 035259